Colours in Fiction - Green - Statistics

General Stats
  • This quiz has been taken 3 times
  • The average score is 17 of 75
Answer Stats
Green Characters % Correct
Grinch
100%
Hulk
100%
Kermit
100%
Beast Boy
67%
Green Lantern
67%
Mike Wazowski
67%
Oscar the Grouch
67%
Poison Ivy
67%
She-Hulk
67%
Shrek
67%
Yoda
67%
Yoshi
67%
Ben 10
33%
Bulbasaur
33%
Buttercup
33%
Cosmo
33%
Donatello
33%
Gamora
33%
Green Arrow
33%
Green Goblin
33%
Gumby
33%
Leonardo
33%
Lizard
33%
Luigi
33%
Martian Manhunter
33%
Michelangelo
33%
Peter Pan
33%
Plankton
33%
Polaris
33%
Princess Fiona
33%
Raphael
33%
Rex
33%
Skaar
33%
Swamp Thing
33%
The Mask
33%
Tinker Bell
33%
Brainiac
0%
Cecil Turtle
0%
Creeper
0%
Disgust
0%
Lucky the Leprechaun
0%
Doctor Doom
0%
Drax the Destroyer
0%
Electro
0%
Enchantress
0%
Ferb
0%
Franklin
0%
GEICO Gecko
0%
Godzilla
0%
Greedo
0%
Grogu
0%
Iron Fist
0%
Jabba the Hutt
0%
Jackal
0%
Killer Croc
0%
Kilowog
0%
Krusty the Clown
0%
Link
0%
Loki
0%
Mad Hatter
0%
Marvin the Martian
0%
Master Chief
0%
Miss Green M&M
0%
Perry the Platypus
0%
Rango
0%
Riddler
0%
Sailor Neptune
0%
Scorpion
0%
Slimer
0%
Squeeze Toy Aliens
0%
The Great Gazoo
0%
Viper
0%
Vulture
0%
Wicked Witch of the West
0%
Yaddle
0%
No matching quizzes found
Score Distribution
Percent of People with Each Score
Percentile by Number Answered
Your Score History
You have not taken this quiz